000 00644 a2200205 4500
005 20260212114029.0
008 260211b |||||||| |||| 00| 0 eng d
020 _a9788126937226
_cRs. 1095.00
040 _aMAIN
082 _a320.95409
_bG933P
100 _aGudavarthy, Ajay
245 _aPolitics of post-civil society: Contemporary history of political movements in India
260 _bAtlantic Publishers and Distributors
_c2024
_aNew Delhi
300 _aviii, 262
650 _aPolitical Science
650 _aIndia - Politics
650 _aHistorical Treatment - India Politics
650 _aPolictical Movememts
942 _cBK
999 _c395044
_d395044